Sports Quiz

Random Sports Quiz

25 Best Pitchers of the 2000s Quiz Stats

 Plays Quiz not verified by Sporcle

Support Sporcle.
Go Orange.
Score 0/25 Timer 08:00
0 Plays Today
Team(s) Player % Correct
Twins, MetsJohan Santana
97.1%
Diamondbacks, Yankees, GiantsRandy Johnson
94.8%
Indians, Brewers, YankeesCC Sabathia
93.6%
Blue JaysRoy Halladay
93.3%
AstrosRoy Oswalt
91.3%
Red Sox, Mets, PhilliesPedro Martinez
86.3%
Yankees, AstrosRoger Clemens
86%
Padres, White SoxJake Peavy
84%
Phillies, Diamondbacks, Red SoxCurt Schilling
82.5%
Athletics, BravesTim Hudson
82.2%
CubsCarlos Zambrano
81.3%
Yankees, AstrosAndy Pettitte
81%
Marlins, Red SoxJosh Beckett
80.2%
Team(s) Player % Correct
DiamondbacksBrandon Webb
79.9%
Athletics, GiantsBarry Zito
79.3%
Indians, PhilliesCliff Lee
79%
Orioles, YankeesMike Mussina
76.4%
YankeesMariano Rivera
74.3%
White SoxMark Buehrle
73.5%
Blue Jays, CardinalsChris Carpenter
73.5%
AngelsJohn Lackey
63%
Red Sox, Dodgers, BravesDerek Lowe
58.6%
Braves, Red Sox, CardinalsJohn Smoltz
53.9%
Pirates, Giants, DodgersJason Schmidt
50.4%
Padres, BrewersTrevor Hoffman
46.6%

You're not logged in!

Compare scores with friends on all Sporcle quizzes.
OR
Log In

From the Vault

Monopoly Board by Any Word (US)

by sproutcm

Ah, the game whose almost sole purpose is tearing happy families apart.
Remove Ads.
Support Sporcle.
Get the best of Sporcle when you Go Orange. This ad-free experience offers more features, more stats, and more fun while also helping to support Sporcle. Thank you for becoming a member.

Show Comments

Extras

Created Feb 20, 2011SourceReportNominate
Tags:2000, 25 Best, Pitchers, Player, team

Top Quizzes Today


Score Distribution

Your Account Isn't Verified!

In order to create a playlist on Sporcle, you need to verify the email address you used during registration. Go to your Sporcle Settings to finish the process.

Report this User

Report this user for behavior that violates our Community Guidelines.

Details: